Statistics for Smallest Capital City By Population A-Z

Click here to take the quiz!

General Stats

  • This quiz has been taken 33 times
  • The average score is 15 of 24

Answer Stats

LetterPopAnswer% Correct
V453Vatican City
93%
A22873Andorra La Vella
79%
Z769744Zagreb
79%
S4061San Marino
76%
F6320Funafuti
72%
H92344Honiara
72%
Y747Yaren
72%
L124509Luxembourg
69%
P6647Palikir
69%
I1000014Islamabad
66%
G118363Georgetown
59%
J525593Juba
59%
N251Ngerulmud
59%
Q280000Quito
59%
C20000Castries
55%
R14725Roseau
55%
T70480Tarawa
55%
D277279Dili
52%
O697010Oslo
52%
B14000Basseterre
48%
W217000Wellington
45%
K12909Kingstown
41%
M27797Majuro
38%
U1466545Ulaanbataar
31%

Score Distribution

Percentile by Number Answered

Percent of People with Each Score

Your Score History

You have not taken this quiz